|
|
|
|
| LEADER |
00000nam0a2200000 4500 |
| 001 |
114235 |
| 005 |
20231031122201.0 |
| 035 |
|
|
|a (RuTPU)RU\TPU\book\123538
|
| 035 |
|
|
|a RU\TPU\book\123487
|
| 090 |
|
|
|a 114235
|
| 100 |
|
|
|a 20070420d1982 k y0rusy50 ca
|
| 101 |
0 |
|
|a rus
|
| 102 |
|
|
|a RU
|
| 105 |
|
|
|a a b 000zy
|
| 200 |
1 |
|
|a Эмалированная аппаратура
|e каталог
|f Центральный институт научно-технической информации и технико-экономических исследований по химическому и нефтяному машиностроению (ЦИНТИХИМНЕФТЕМАШ); НИИЭМАЛЬХИММАШ; сост. О. А. Васильченко; сост. И. П. Голуб; сост. Л. В. Корсун; сост. А. И. Надутый; сост. М. А. Олейник; сост. О. Б. Плющ; сост. П. С. Школяр
|
| 205 |
|
|
|a 4-е изд., испр. и доп.
|
| 210 |
|
|
|a Москва
|c ЦИНТИХИМНЕФТЕМАШ
|d 1982
|
| 215 |
|
|
|a 92 с.
|c ил.
|
| 333 |
|
|
|a Исключено из фонда НТБ ТПУ
|
| 702 |
|
1 |
|a Васильченко
|b О. А.
|4 220
|
| 702 |
|
1 |
|a Голуб
|b И. П.
|4 220
|
| 702 |
|
1 |
|a Корсун
|b Л. В.
|4 220
|
| 702 |
|
1 |
|a Надутый
|b А. И.
|4 220
|
| 702 |
|
1 |
|a Олейник
|b М. А.
|4 220
|
| 702 |
|
1 |
|a Плющ
|b О. Б.
|4 220
|
| 702 |
|
1 |
|a Школяр
|b П. С.
|4 220
|
| 712 |
0 |
2 |
|a Центральный институт научно-технической информации и технико-экономических исследований по химическому и нефтяному машиностроению (ЦИНТИХИМНЕФТЕМАШ)
|
| 712 |
0 |
2 |
|a НИИЭМАЛЬХИММАШ
|
| 801 |
|
1 |
|a RU
|b 63413507
|c 20070419
|g PSBO
|
| 801 |
|
2 |
|a RU
|b 63413507
|c 20220617
|g PSBO
|
| 942 |
|
|
|c BK
|